Statistiken für Asiatische Länder mit der ältesten Bevölkerung

Klicken Sie hier um das Quiz zu spielen!

Allgemein

  • Dieses Quiz wurde 74 mal gespielt
  • Das Durchschnittsergebnis liegt bei 6 aus 10

Antwortstatistiken

DurchschnittsalterAltes Land% Korrekt
47.3Japan
100%
41.8Südkorea
86%
37.7Thailand
73%
40.7Taiwan
67%
34.0Nordkorea
57%
34.6Singapur
56%
35.1Armenien
39%
38.1Georgien
37%
33.2Katar
30%
36.8Zypern
27%

Verteilung der Resultate

Perzentil nach korrekt beantworteten Fragen

Anzahl Personen mit jedem Resultat

Ihre Resultats-Entwicklung

Sie haben dieses Quiz noch nicht gespielt